| 000 | 00398 a2200121 4500 | ||
|---|---|---|---|
| 001 | ART_29932 | ||
| 005 | 20260410162002.0 | ||
| 008 | 260409a | ||
| 245 | 1 | 0 | _aAlgunas consideraciones acerca de la teoría de la imputación objetiva |
| 100 | 1 | _aFigueroa, Francisco | |
| 700 | 1 | _aBuigo, Marcelo | |
| 773 | 0 |
_tIntercátedras _gIV y V Encuentro 2013 - Nº 2 (jun. 2014) _wREV29919 |
|
| 999 |
_c31392 _d31392 |
||